[Event "Pan American-ch Amateur"]
[Site "Montevideo"]
[Date "2013.10.28"]
[Round "8"]
[White "Quevedo, Andreina"]
[Black "Sagardoy, Alejo"]
[Result "1-0"]
[WhiteElo "1528"]
[BlackElo "1420"]
[PlyCount "93"]
[EventDate "2013.10.24"]
[EventType "swiss"]
[EventRounds "9"]
[EventCountry "URU"]
[SourceTitle "EXT 2014"]
[Source "ChessBase"]
[SourceDate "2013.11.20"]
[SourceVersion "1"]
[SourceVersionDate "2013.11.20"]
[SourceQuality "1"]

1. e4 Nc6 2. d4 e6 3. Nf3 Be7 4. Nc3 b6 5. Be3 d5 6. Bb5 Bd7 7. exd5 exd5 8. Nxd5 Nb4 9. Bxd7+ Qxd7 10. Nxb4 Bxb4+ 11. c3 Be7 12. Ne5 Qe6 13. Qa4+ Kd8 14. Nc6+ Kc8 15. Qa6+ Kd7 16. Ne5+ Kd8 17. Qb7 Rc8 18. Qxa7 f6 19. Nf3 Bd6 20. Qa6 Bf4 21. Qe2 Bh6 22. 0-0 Ne7 23. Rfe1 Qf7 24. Bxh6 gxh6 25. Qe6 Qg7 26. d5 Ng6 27. d6 c5 28. d7 Rb8 29. Qd6 Rb7 30. Rad1 Qf7 31. Qe6 Qxe6 32. Rxe6 Rxd7 33. Rxd7+ Kxd7 34. Rxb6 Ke7 35. a4 Rd8 36. Kf1 Nf4 37. g3 Rd1+ 38. Ne1 Nd3 39. Ke2 Rxe1+ 40. Kxd3 Kf7 41. a5 h5 42. b4 cxb4 43. cxb4 Re8 44. b5 Ke7 45. Rc6 Kd7 46. Rxf6 Re6 47. Rxe6 1-0

[Event "Pan American-ch Amateur"]
[Site "Montevideo"]
[Date "2013.10.25"]
[Round "3"]
[White "De Cuadro, Dionisio"]
[Black "Sagardoy, Alejo"]
[Result "1-0"]
[WhiteElo "1570"]
[BlackElo "1420"]
[PlyCount "69"]
[EventDate "2013.10.24"]
[EventType "swiss"]
[EventRounds "9"]
[EventCountry "URU"]
[SourceTitle "EXT 2014"]
[Source "ChessBase"]
[SourceDate "2013.11.20"]
[SourceVersion "1"]
[SourceVersionDate "2013.11.20"]
[SourceQuality "1"]

1. d4 e6 2. Nf3 d5 3. Bf4 Nf6 4. e3 b6 5. Bd3 g6 6. Nc3 Bg7 7. Nb5 Na6 8. 0-0 c6 9. Nd6+ Kf8 10. Ng5 Qe7 11. Nxc8 Rxc8 12. Bxa6 Rd8 13. Nf3 Nh5 14. Bg5 f6 15. Bh4 g5 16. Bg3 Nxg3 17. fxg3 b5 18. Nxg5 Ke8 19. Qh5+ Kf8 20. Nxh7+ Kg8 21. Nxf6+ Bxf6 22. Qg6+ Bg7 23. Rf3 Rh6 24. Qg4 Kh7 25. Raf1 Bf6 26. Rf4 Rf8 27. Qf3 Kh8 28. a4 Qh7 29. h4 Qg7 30. axb5 Rg6 31. g4 Be7 32. Rxf8+ Bxf8 33. Qxf8+ Qxf8 34. Rxf8+ Kg7 35. bxc6 1-0

[Event "Pan American-ch Amateur"]
[Site "Montevideo"]
[Date "2013.10.24"]
[Round "1"]
[White "Lincoln de Assis, Washington Luis"]
[Black "Sagardoy, Alejo"]
[Result "1-0"]
[WhiteElo "1792"]
[BlackElo "1420"]
[PlyCount "77"]
[EventDate "2013.10.24"]
[EventType "swiss"]
[EventRounds "9"]
[EventCountry "URU"]
[SourceTitle "EXT 2014"]
[Source "ChessBase"]
[SourceDate "2013.11.20"]
[SourceVersion "1"]
[SourceVersionDate "2013.11.20"]
[SourceQuality "1"]

1. c4 e5 2. Nc3 g6 3. g3 Bg7 4. Bg2 c6 5. d3 Nf6 6. Nf3 d6 7. 0-0 Qb6 8. Qb3 Qxb3 9. axb3 0-0 10. Be3 c5 11. Nb5 Ne8 12. Nd2 a6 13. Ne4 Nc6 14. Nbxd6 Nxd6 15. Nxd6 Ra7 16. Bxc5 b6 17. Bxb6 Rd7 18. Nxc8 Rxc8 19. Bxc6 Rxc6 20. Rxa6 h5 21. Ra8+ Kh7 22. Be3 Rb7 23. Ra3 Re7 24. Rfa1 e4 25. d4 f6 26. d5 Rc8 27. Bd4 f5 28. Bxg7 Kxg7 29. Ra7 Kf6 30. R1a6+ Kf7 31. Rxe7+ Kxe7 32. Kf1 Kf7 33. Ke1 Rb8 34. Ra3 Ke7 35. Kd2 Kd6 36. h4 Ke5 37. e3 Kd6 38. Kc3 Kc5 39. Ra6 1-0